Út a munkahelyi egyensúly felé - A középkorú munkavállalók dilemmái
| Szerző: | |
|---|---|
| További közreműködők: | |
| Dokumentumtípus: | Diplomadolgozat |
| Kulcsszavak: | egyensúly kiégés munka stressz stresszkezelés |
| Online Access: | http://dolgozattar.uni-bge.hu/60005 |
MARC
| LEADER | 00000nta a2200000 i 4500 | ||
|---|---|---|---|
| 001 | dolg60005 | ||
| 005 | 20260409145848.0 | ||
| 008 | 260409suuuu hu om 000 hun d | ||
| 040 | |a BGE Dolgozattár Repozitórium |b hun | ||
| 041 | |a hu | ||
| 100 | 1 | |a Gál Viktória Hanna | |
| 245 | 1 | 0 | |a Út a munkahelyi egyensúly felé - A középkorú munkavállalók dilemmái |c Gál Viktória Hanna |h [elektronikus dokumentum] |
| 520 | 3 | |a Szakdolgozatom témájának a kiégés és az ez ebből kialakuló életközepi válság és stressz vizsgálatát választottam. Ez a téma a huszonegyedik században különös figyelmet nyert a szakértők, de az átlagos emberek szemében egyaránt, a téma folyamatos feldolgozásának és vizsgálatának jelentősége akkorára nőte ki magát, hogy ma már számos ismert szakember foglalkozik azzal, hogy az embereket életük ezen szakaszán átsegítsék, megkönnyítsék számukra azt. Habár a téma fontossága a fiatalfelnőttek számára nem számottevő érdemes időben elkezdeni foglalkozni a helyzettel, hogy azt a jövőben sokkal gördülékenyebben, hatékonyabban tudjuk kezelni. A mai munkaerőpiaci és társadalmi környezetben egyaránt jelentős problémát jelent a kiégés és az ezáltal okozott negatív hatások, sok esetben cégek nem fordítanak elég figyelmet arra, hogy ezt a problémát észleljék és időben a helyén kezeljék. Különösen fontos lenne azonban erre lényegesen több figyelmet fordítani, hiszen olyan betegségről beszélünk, amely mindenkit érint és mivel nem könnyen felismerhető érdemes a helyzettel mélyebben és alaposabban megismerkedni. Az Egészségügyi Világszervezet 2019 májusában a kiégést a munkahelyi stressz okozta szindrómának nyilvánította. (WHO, 2019) A kiégés bármely életszakaszban előforduló szindróma, azonban a legtöbbeknél az életközép idejéhez kötődik, ezért is társítják a kiégés egyik tünetének az életközepi válságot. | |
| 695 | |a egyensúly | ||
| 695 | |a kiégés | ||
| 695 | |a munka | ||
| 695 | |a stressz | ||
| 695 | |a stresszkezelés | ||
| 700 | 1 | |a Petõ Lilla |e ths | |
| 856 | 4 | 0 | |u http://dolgozattar.uni-bge.hu/60005/1/Szakdolgozat_2025_G%C3%A1lVikt%C3%B3riaHanna_ODMOE8.pdf |z Dokumentum-elérés |
| 856 | 4 | 0 | |u http://dolgozattar.uni-bge.hu/60005/2/G%C3%A1l%20Vikt%C3%B3ria%20Hanna_b%C3%ADr%C3%A1lat.pdf |z Dokumentum-elérés |
| 856 | 4 | 0 | |u http://dolgozattar.uni-bge.hu/60005/3/G%C3%A1lViki.pdf |z Dokumentum-elérés |